[Event "BL 9293 Bielefeld-Porz"]
[Site "?"]
[Date "1992.??.??"]
[Round "?.1"]
[White "Lutz, C."]
[Black "Richter, W."]
[Result "1/2-1/2"]
[WhiteElo "2550"]
[BlackElo "2430"]
[PlyCount "123"]
[EventDate "1992.??.??"]

1. d4 Nf6 2. c4 e6 3. Nf3 Bb4+ 4. Nbd2 d5 5. Qa4+ Nc6 6. a3 Bd6 7. e3 O-O 8.
Bd3 Qe8 9. Qc2 e5 10. cxd5 Nxd4 11. exd4 e4 12. Bxe4 Nxe4 13. Qxe4 Qxe4+ 14.
Nxe4 Re8 15. Ne5 Bxe5 16. dxe5 Rxe5 17. f3 f5 18. Bf4 Re7 19. O-O fxe4 20. fxe4
Rxe4 21. Rae1 Bf5 22. Bxc7 Rae8 23. Rxe4 Bxe4 24. Rd1 Bf5 25. Kf2 Kf7 26. Kf3
Ke7 27. Rd4 Kd7 28. Bf4 h5 29. Rb4 b6 30. Ra4 Bg4+ 31. Kg3 a5 32. Rd4 Bf5 33.
Rd2 Rc8 34. Be5 g6 35. Bd4 Rc2 36. Rxc2 Bxc2 37. Bxb6 a4 38. Bc5 Be4 39. d6 Bd5
40. Kf2 Be4 41. g3 Bc2 42. Ke3 Bb3 43. Kd4 Bc2 44. b4 axb3 45. Kc3 Bd1 46. Kb2
g5 47. h4 gxh4 48. gxh4 Kc6 49. Bb4 Bc2 50. a4 Bd1 51. a5 Bc2 52. Kc3 Bd1 53.
a6 Bg4 54. Bc5 Be6 55. Kb2 Bd5 56. a7 Kd7 57. Kc3 Kc8 58. Kd4 Bc6 59. Ba3 Kd7
60. Kc5 Bg2 61. Kc4 b2 62. Bxb2 1/2-1/2

[Event "BL 9293 Bielefeld-Porz"]
[Site "?"]
[Date "1992.??.??"]
[Round "?.2"]
[White "Bangiev, A."]
[Black "Christiansen, L."]
[Result "1/2-1/2"]
[WhiteElo "2400"]
[BlackElo "2625"]
[PlyCount "130"]
[EventDate "1992.??.??"]

1. d4 d6 2. c4 e5 3. dxe5 dxe5 4. Qxd8+ Kxd8 5. Nc3 Be6 6. e3 c6 7. Nf3 f6 8.
Be2 Nd7 9. O-O Nh6 10. Rd1 Kc7 11. Bd2 a5 12. Rac1 Nc5 13. Be1 Nf7 14. Nd2 Be7
15. Nde4 Nxe4 16. Nxe4 Rhd8 17. Rxd8 Nxd8 18. g4 Bb4 19. Nc3 Nf7 20. Kf1 b6 21.
f3 Rd8 22. a3 Bc5 23. Bf2 Nd6 24. Na4 Nb7 25. Ke1 Be7 26. Rc2 Nc5 27. Nxc5 Bxc5
28. Rd2 Re8 29. e4 Bxf2+ 30. Kxf2 a4 31. Ke3 Ra8 32. Kd3 h5 33. h3 Rd8+ 34. Kc3
Rh8 35. Bf1 c5 36. Kc2 Bd7 37. Kd3 Kd6 38. Ke3+ Ke7 39. Rg2 Be6 40. Rd2 Bf7 41.
Rd1 Be6 42. Rd2 g5 43. Kf2 Bd7 44. gxh5 Rxh5 45. Kg3 Rh8 46. Rh2 Rh4 47. Bd3
Be6 48. Rh1 Bd7 49. Rh2 Kf7 50. Rh1 Kg6 51. Rh2 Be6 52. Bc2 Bxc4 53. Bxa4 Be6
54. Bc2 c4 55. Ba4 Kf7 56. Bb5 Ke7 57. Rc2 Rxh3+ 58. Kf2 g4 59. fxg4 Rb3 60.
Bxc4 Bxc4 61. Rxc4 Rxb2+ 62. Kg3 Rb3+ 63. Kh4 Rxa3 64. Rb4 Ra6 65. g5 Ra1
1/2-1/2

[Event "BL 9293 Bielefeld-Porz"]
[Site "?"]
[Date "1992.??.??"]
[Round "?.4"]
[White "Pohl Kuemmel, JU."]
[Black "Vaganian, R."]
[Result "0-1"]
[WhiteElo "2300"]
[BlackElo "2615"]
[PlyCount "96"]
[EventDate "1992.??.??"]

1. d4 Nf6 2. Nf3 d5 3. c4 e6 4. Nc3 Be7 5. Bg5 h6 6. Bxf6 Bxf6 7. e3 O-O 8. Rc1
a6 9. Bd3 dxc4 10. Bxc4 Nd7 11. O-O b5 12. Bd3 c5 13. Ne4 cxd4 14. Nxf6+ Nxf6
15. Nxd4 Bb7 16. Be2 Rc8 17. Bf3 Rxc1 18. Qxc1 Bxf3 19. Nxf3 Qd7 20. h3 Rc8 21.
Qb1 Qc7 22. Rd1 Qc2 23. Qxc2 Rxc2 24. Rd2 Rc1+ 25. Kh2 Ne4 26. Rd8+ Kh7 27. Ra8
Nxf2 28. Rxa6 Nd1 29. Ne5 Rc7 30. Rb6 Nxe3 31. Rxb5 f6 32. Nd3 Rc2 33. Kg3 Nf5+
34. Kh2 Nh4 35. Kg1 Rxg2+ 36. Kf1 Rd2 37. Nf2 Nf5 38. a4 Ng3+ 39. Kg1 e5 40.
Rb3 Ne2+ 41. Kf1 Nd4 42. Rb7 f5 43. b4 e4 44. Re7 Nc6 45. Nxe4 Rd1+ 46. Ke2
Nxe7 47. Kxd1 fxe4 48. b5 Nd5 0-1

[Event "BL 9293 Bielefeld-Porz"]
[Site "?"]
[Date "1992.??.??"]
[Round "?.5"]
[White "Hickl, J."]
[Black "Meier, V."]
[Result "1-0"]
[WhiteElo "2540"]
[BlackElo "2310"]
[PlyCount "77"]
[EventDate "1992.??.??"]

1. g3 c5 2. Bg2 Nc6 3. c4 g6 4. Nc3 Bg7 5. a3 e6 6. Nh3 Nge7 7. Nf4 Rb8 8. Rb1
O-O 9. b4 b6 10. O-O d6 11. Qa4 Qd7 12. Bb2 Rd8 13. d3 Nd4 14. b5 h5 15. e3
Ndf5 16. Rfd1 e5 17. Nfd5 h4 18. Bh3 Qb7 19. Bg2 Qd7 20. Rd2 Rf8 21. Re1 hxg3
22. hxg3 Nxd5 23. Nxd5 Ne7 24. d4 Nxd5 25. Bxd5 Qe7 26. dxc5 dxc5 27. Bc3 Bf6
28. Kg2 Kg7 29. Rh1 Bf5 30. e4 Be6 31. Qc2 Rh8 32. Rdd1 g5 33. Qb2 Rxh1 34.
Rxh1 Bd7 35. f4 Re8 36. Kf3 g4+ 37. Kf2 exf4 38. Bxf6+ Qxf6 39. Rh7+ 1-0

[Event "BL 9293 Bielefeld-Porz"]
[Site "?"]
[Date "1992.??.??"]
[Round "?.7"]
[White "Vogt, L."]
[Black "Geveke, M."]
[Result "1-0"]
[WhiteElo "2530"]
[BlackElo "2320"]
[PlyCount "75"]
[EventDate "1992.??.??"]

1. e4 e6 2. d4 d5 3. Nc3 Bb4 4. e5 c5 5. a3 Bxc3+ 6. bxc3 Qc7 7. Qg4 f5 8. Qh5+
Qf7 9. Qxf7+ Kxf7 10. Nf3 h6 11. c4 b6 12. cxd5 exd5 13. c4 Be6 14. cxd5 Bxd5
15. dxc5 bxc5 16. Be3 Nd7 17. Bb5 Rd8 18. Bxd7 Rxd7 19. Bxc5 Ne7 20. Nd4 Ng6
21. O-O Nxe5 22. Nxf5 Nd3 23. Be3 Rc8 24. Rfd1 Bb3 25. Rd2 a5 26. Nd4 Bc4 27.
a4 Rd5 28. h3 Rcd8 29. Nf3 Ke6 30. Rc2 Ba6 31. Bb6 R8d6 32. Bc7 Nb4 33. Re1+
Kf6 34. Bxd6 Nxc2 35. Be5+ Kf7 36. Rc1 Bd3 37. Bc3 g5 38. Ne5+ 1-0

[Event "BL 9293 Bielefeld-Porz"]
[Site "?"]
[Date "1992.??.??"]
[Round "?.8"]
[White "Beilfuss, W."]
[Black "Mainka, R."]
[Result "0-1"]
[WhiteElo "2235"]
[BlackElo "2550"]
[PlyCount "50"]
[EventDate "1992.??.??"]

1. Nf3 Nf6 2. c4 g6 3. Nc3 Bg7 4. e4 d6 5. d4 O-O 6. Be2 e5 7. O-O Nc6 8. d5
Ne7 9. Nd2 a5 10. a3 Nd7 11. Rb1 f5 12. b4 Kh8 13. Qc2 Nf6 14. f3 axb4 15. axb4
c6 16. Kh1 f4 17. Nb3 cxd5 18. cxd5 Bd7 19. Bd2 g5 20. Na5 g4 21. Nxb7 Qb8 22.
Na5 g3 23. hxg3 Nh5 24. Rfe1 Nxg3+ 25. Kh2 Rf6 0-1

[Event "BL 9293 HSK-Bayern"]
[Site "?"]
[Date "1992.??.??"]
[Round "?.1"]
[White "Huebner, R."]
[Black "Shirov, A."]
[Result "1/2-1/2"]
[WhiteElo "2630"]
[BlackElo "2710"]
[PlyCount "113"]
[EventDate "1992.??.??"]

1. c4 Nf6 2. Nf3 g6 3. g3 Bg7 4. Bg2 d6 5. O-O O-O 6. d4 Nbd7 7. Nc3 c6 8. e4
e5 9. h3 Qb6 10. d5 Nc5 11. Qe2 Qa6 12. Bg5 Na4 13. Nxa4 Qxa4 14. dxc6 Qxc6 15.
Nd2 Be6 16. Rfd1 Rfc8 17. b3 h6 18. Be3 a5 19. Rac1 a4 20. Nb1 axb3 21. axb3
Qd7 22. Kh2 b5 23. c5 Ra6 24. b4 Bb3 25. Rd2 Qb7 26. Rxd6 Rxd6 27. cxd6 Rxc1
28. Bxc1 Qc6 29. Be3 Bc2 30. Na3 Bxe4 31. Bxe4 Nxe4 32. Nxb5 Bf8 33. Qd3 Nxd6
34. Nxd6 Qxd6 35. Qxd6 Bxd6 36. b5 h5 37. Kg2 Kf8 38. Kf3 Ke7 39. Ke4 Ke6 40.
f4 f5+ 41. Kd3 Kd5 42. fxe5 Bxe5 43. Bf4 Bxf4 44. gxf4 h4 45. b6 Kc6 46. Kd4
Kxb6 47. Ke5 Kc5 48. Kf6 Kd4 49. Kxg6 Ke4 50. Kg5 Kf3 51. Kxf5 Kg3 52. Ke4 Kxh3
53. Kf3 Kh2 54. f5 h3 55. Kf2 Kh1 56. f6 h2 57. f7 1/2-1/2

[Event "BL 9293 HSK-Bayern"]
[Site "?"]
[Date "1992.??.??"]
[Round "?.2"]
[White "Wahls, M."]
[Black "Yusupov, A."]
[Result "1/2-1/2"]
[WhiteElo "2540"]
[BlackElo "2640"]
[PlyCount "67"]
[EventDate "1992.??.??"]

1. e4 e5 2. Nf3 Nf6 3. Nxe5 d6 4. Nf3 Nxe4 5. d4 d5 6. Bd3 Nc6 7. O-O Be7 8. c4
Nb4 9. cxd5 Nxd3 10. Qxd3 Qxd5 11. Re1 Bf5 12. Ne5 O-O-O 13. Qf3 g6 14. g4 Bh4
15. Nc3 Nxc3 16. bxc3 Be6 17. g5 Rhe8 18. c4 Qxd4 19. Rb1 c6 20. Bf4 Qc5 21.
Nxc6 Rd3 22. Rxe6 fxe6 23. Qxd3 Qxf2+ 24. Kh1 Qxf4 25. Nxa7+ Kb8 26. Nc6+ Kc7
27. Na5 Rd8 28. Qe2 Rd2 29. Rxb7+ Kd8 30. Rb8+ Kc7 31. Rb7+ Kd8 32. Rb8+ Kc7
33. Rb7+ Kd8 34. Rb8+ 1/2-1/2

[Event "BL 9293 HSK-Bayern"]
[Site "?"]
[Date "1992.??.??"]
[Round "?.4"]
[White "Brunner, L."]
[Black "Bischoff, K."]
[Result "1/2-1/2"]
[WhiteElo "2490"]
[BlackElo "2510"]
[PlyCount "82"]
[EventDate "1992.??.??"]

1. d4 Nf6 2. c4 e6 3. Nc3 Bb4 4. Qc2 d6 5. a3 Bxc3+ 6. Qxc3 Nbd7 7. Nf3 b6 8.
g3 Bb7 9. Bg2 a5 10. b3 O-O 11. O-O c5 12. Bb2 Qc7 13. Rfd1 Rfe8 14. Rac1 h6
15. Qd2 Ra6 16. b4 axb4 17. axb4 Ra2 18. Qc3 Be4 19. Ra1 Rea8 20. Rxa2 Rxa2 21.
Qb3 Ra8 22. Bf1 Bc6 23. Rc1 Qa7 24. Ra1 Qb7 25. Rxa8+ Qxa8 26. Nd2 Qa4 27. dxc5
bxc5 28. Qxa4 Bxa4 29. b5 d5 30. e3 dxc4 31. Bxc4 Nd5 32. Kf1 Nc7 33. Ke2 Bxb5
34. Kd3 Nb6 35. Bxb5 Nxb5 36. Nc4 Nxc4 37. Kxc4 Nd6+ 38. Kd3 c4+ 39. Kd4 f6 40.
Bc3 Kf7 41. Bb4 Nf5+ 1/2-1/2

[Event "BL 9293 HSK-Bayern"]
[Site "?"]
[Date "1992.??.??"]
[Round "?.5"]
[White "Kindermann, S."]
[Black "Mueller, Ka"]
[Result "1/2-1/2"]
[WhiteElo "2505"]
[BlackElo "2490"]
[PlyCount "50"]
[EventDate "1992.??.??"]

1. e4 d5 2. exd5 Qxd5 3. Nc3 Qa5 4. d4 Nf6 5. Nf3 Bf5 6. Bc4 c6 7. Ne5 e6 8.
O-O Nbd7 9. Qe2 Bd6 10. Nxd7 Nxd7 11. d5 cxd5 12. Bxd5 O-O 13. Bxb7 Rab8 14.
Be4 Nf6 15. Bxf5 Qxf5 16. Nd1 Rb4 17. c4 Qe5 18. Qxe5 Bxe5 19. Bd2 Rxc4 20. Bc3
Bxc3 21. Nxc3 Ne4 22. Nxe4 Rxe4 23. Rfe1 Rxe1+ 24. Rxe1 Rc8 25. Rd1 g6 1/2-1/2

[Event "BL 9293 HSK-Bayern"]
[Site "?"]
[Date "1992.??.??"]
[Round "?.6"]
[White "Maus, So"]
[Black "Boensch, U."]
[Result "0-1"]
[WhiteElo "2435"]
[BlackElo "2490"]
[PlyCount "79"]
[EventDate "1992.??.??"]

1. e4 c5 2. Nc3 Nc6 3. g3 g6 4. Bg2 Bg7 5. d3 d6 6. Nge2 Rb8 7. O-O Nf6 8. f4
O-O 9. h3 Bd7 10. g4 b5 11. Ng3 b4 12. Nce2 a5 13. f5 a4 14. Bf4 Ne8 15. Rb1 a3
16. b3 Nc7 17. Qd2 Nb5 18. Bh6 Nc3 19. Bxg7 Nxe2+ 20. Nxe2 Kxg7 21. Rf2 f6 22.
g5 fxg5 23. Rbf1 h6 24. h4 gxh4 25. Nf4 g5 26. f6+ exf6 27. Nh5+ Kh7 28. Nxf6+
Kh8 29. Qe2 Ne5 30. Qd1 Be6 31. Qh5 Kg7 32. Qd1 Qe7 33. d4 cxd4 34. Qxd4 Kh8
35. Kh2 Rbd8 36. Bh3 Bxh3 37. Kxh3 Qg7 38. Rf5 g4+ 39. Kg2 Nf3 40. Qb6 0-1

[Event "BL 9293 HSK-Bayern"]
[Site "?"]
[Date "1992.??.??"]
[Round "?.7"]
[White "Schlosser, P."]
[Black "Heinemann, T."]
[Result "1-0"]
[WhiteElo "2500"]
[BlackElo "2385"]
[PlyCount "74"]
[EventDate "1992.??.??"]

1. d4 Nf6 2. Nf3 d6 3. g3 c5 4. Bg2 e6 5. c4 cxd4 6. Nxd4 a6 7. O-O Qc7 8. b3
Nc6 9. Nc3 Nxd4 10. Qxd4 Bd7 11. Bg5 Be7 12. Ne4 e5 13. Qd3 Nxe4 14. Bxe7 Bc6
15. Bxe4 Kxe7 16. Rfd1 g6 17. Qe3 Bxe4 18. Qxe4 h5 19. Rd5 Rhd8 20. Rad1 b6 21.
f4 f5 22. Qe3 e4 23. Qd4 Ke6 24. b4 Rac8 25. Kf2 Rb8 26. a4 Rbc8 27. h3 a5 28.
bxa5 bxa5 29. g4 hxg4 30. hxg4 fxg4 31. Qxe4+ Kf7 32. Rg5 Rg8 33. Qd5+ Ke7 34.
Rd4 Kf8 35. Qe6 Re8 36. Qf6+ Qf7 37. Rxd6 Rg7 {Zeit} 1-0

[Event "BL 9293 HSK-Bayern"]
[Site "?"]
[Date "1992.??.??"]
[Round "?.8"]
[White "Sievers, S."]
[Black "Stangl, M."]
[Result "1/2-1/2"]
[WhiteElo "2380"]
[BlackElo "2475"]
[PlyCount "120"]
[EventDate "1992.??.??"]

1. e4 c5 2. Nc3 e6 3. Nge2 a6 4. g3 d6 5. Bg2 Nf6 6. O-O Be7 7. d3 Nc6 8. h3
O-O 9. Be3 Bd7 10. Qd2 b5 11. a3 Rc8 12. Kh2 Qc7 13. f4 Rfd8 14. g4 Be8 15. g5
Nd7 16. Kh1 Nb6 17. f5 exf5 18. exf5 d5 19. Bf4 Bd6 20. Nxd5 Nxd5 21. Bxd5 Bxf4
22. Nxf4 Ne7 23. Be4 Bc6 24. Qf2 Nxf5 25. Rae1 Re8 26. Kg1 Qd7 27. Bxc6 Qxc6
28. c4 Rxe1 29. Rxe1 Re8 30. Nd5 Rxe1+ 31. Qxe1 Qc8 32. Qe5 Kf8 33. Nc7 Ne7 34.
Kh2 bxc4 35. dxc4 Qd7 36. Nd5 Nc6 37. Qc7 Qxc7+ 38. Nxc7 Na5 39. Nxa6 Nxc4 40.
Nxc5 Nxb2 41. Kg3 Ke7 42. Kf4 Kd6 43. Ne4+ Ke6 44. h4 Nd3+ 45. Ke3 Nb2 46. Kd4
f6 47. gxf6 gxf6 48. Nc5+ Kf5 49. Kc3 Nd1+ 50. Kb3 Ne3 51. a4 Nd5 52. a5 Nc7
53. Kc4 Ke5 54. Nd3+ Ke4 55. Ne1 f5 56. Kc5 f4 57. Kd6 Na6 58. Ke6 f3 59. Nxf3
Kxf3 60. Kf5 Kg3 1/2-1/2

[Event "BL 9293 Delmenhorst-München 36"]
[Site "?"]
[Date "1992.??.??"]
[Round "?.2"]
[White "Pekarek, A."]
[Black "Hertneck, G."]
[Result "0-1"]
[WhiteElo "2445"]
[BlackElo "2560"]
[PlyCount "76"]
[EventDate "1992.??.??"]

1. Nf3 Nf6 2. c4 c6 3. Nc3 d5 4. d4 dxc4 5. a4 Bf5 6. e3 e6 7. Bxc4 Bb4 8. O-O
Nbd7 9. Qe2 O-O 10. e4 Bg6 11. Bd3 Re8 12. Bf4 Bh5 13. e5 Nd5 14. Nxd5 exd5 15.
Bf5 f6 16. Qd3 Nf8 17. exf6 Qxf6 18. Bg5 Qd6 19. a5 Bg6 20. Ne5 Bxf5 21. Qxf5
Qc7 22. a6 Bd6 23. Rfe1 Rab8 24. g3 bxa6 25. Rxa6 Rb6 26. Rxb6 axb6 27. Re3 c5
28. Ng4 Qf7 29. Rf3 Qxf5 30. Rxf5 Re4 31. Ne3 Ne6 32. dxc5 Bxc5 33. b4 Bxb4 34.
Nxd5 Nd4 35. Nxb4 Nxf5 36. Nd3 b5 37. Nf4 b4 38. Nd5 Rc4 0-1

[Event "BL 9293 Delmenhorst-München 36"]
[Site "?"]
[Date "1992.??.??"]
[Round "?.4"]
[White "Borik, O."]
[Black "Lau, R."]
[Result "0-1"]
[WhiteElo "2390"]
[BlackElo "2520"]
[PlyCount "97"]
[EventDate "1992.??.??"]

1. d4 Nf6 2. Nf3 e6 3. e3 c5 4. Bd3 d5 5. c3 Nbd7 6. O-O Bd6 7. Nbd2 Qc7 8. Qe2
O-O 9. e4 cxd4 10. cxd4 dxe4 11. Nxe4 Bf4 12. Be3 Nxe4 13. Bxe4 Nf6 14. Rac1
Qd6 15. Qd3 h6 16. g3 Bxe3 17. fxe3 Qb6 18. Ne5 Rd8 19. Bg6 Rf8 20. Rxf6 gxf6
21. Bxf7+ Rxf7 22. Nxf7 Kg7 23. Rf1 Bd7 24. Ne5 fxe5 25. Qe4 Qd8 26. Qxe5+ Kg6
27. Qe4+ Kg7 28. Qe5+ Kg6 29. Rf4 Qe7 30. Rg4+ Kh7 31. Qe4+ Kh8 32. Qg6 Qf8 33.
Rh4 Qg7 34. Rxh6+ Kg8 35. Qh5 Be8 36. Qh3 Bf7 37. Rh4 Rc8 38. Qf1 Qg5 39. Rf4
Bg6 40. e4 Kg7 41. Qd3 Qa5 42. Rf1 Qb6 43. Rf2 Rd8 44. Qa3 Qd6 45. Qxa7 Bxe4
46. Qa5 Kg6 47. g4 Rh8 48. Qd2 Qg3+ 49. Kf1 0-1

[Event "BL 9293 Delmenhorst-München 36"]
[Site "?"]
[Date "1992.??.??"]
[Round "?.6"]
[White "Breutigam, M."]
[Black "Enders, P."]
[Result "0-1"]
[WhiteElo "2335"]
[BlackElo "2490"]
[PlyCount "100"]
[EventDate "1992.??.??"]

1. d4 Nf6 2. c4 e6 3. Nc3 Bb4 4. Bg5 c5 5. dxc5 Nc6 6. Rc1 Bxc5 7. e3 b6 8. Nf3
Bb7 9. a3 h6 10. Bh4 g5 11. Bg3 Nh5 12. Ne4 Nxg3 13. hxg3 Be7 14. Nd6+ Bxd6 15.
Qxd6 Qe7 16. c5 bxc5 17. Qxc5 Qxc5 18. Rxc5 Ke7 19. Be2 a5 20. Rb5 Ba6 21. Rb6
Bxe2 22. Kxe2 a4 23. Nd2 Ra5 24. Ne4 Rc8 25. Nc3 Rc5 26. Rxh6 Ne5 27. Rb4 Nc4
28. Nxa4 Rd5 29. Nc3 Rd2+ 30. Ke1 Rxb2 31. Rxb2 Nxb2 32. Ne4 Rc2 33. Nxg5 Nd3+
34. Kf1 Rxf2+ 35. Kg1 Re2 36. Rh7 Kf6 37. Nf3 Rxe3 38. Rh4 d5 39. a4 Nc5 40.
Rf4+ Ke7 41. a5 Ra3 42. Ne5 f5 43. Rb4 Kf6 44. Nc6 Ra1+ 45. Kh2 Nd3 46. Rb6 Nf2
47. g4 f4 48. g3 f3 49. g5+ Kxg5 50. g4 Kh4 0-1

[Event "BL 9293 Delmenhorst-München 36"]
[Site "?"]
[Date "1992.??.??"]
[Round "?.7"]
[White "Volke, K."]
[Black "Meyer, Ho"]
[Result "1-0"]
[WhiteElo "2460"]
[BlackElo "2330"]
[PlyCount "87"]
[EventDate "1992.??.??"]

1. d4 d5 2. c4 dxc4 3. e3 Nf6 4. Bxc4 e6 5. Nf3 c5 6. O-O a6 7. b3 Be7 8. Bb2
O-O 9. Nbd2 b5 10. Be2 Bb7 11. a4 cxd4 12. Nxd4 bxa4 13. Rxa4 Nbd7 14. Bf3 Nd5
15. Nc4 Nc5 16. Ra1 a5 17. Qd2 Nb4 18. Nxa5 Bxf3 19. Nxf3 Qxd2 20. Nxd2 Rfd8
21. Ndc4 Bf6 22. Bxf6 gxf6 23. Rfd1 e5 24. f3 Kg7 25. Kf2 Ncd3+ 26. Ke2 f5 27.
Nb7 Rxa1 28. Rxa1 Rd7 29. Nbd6 Kg6 30. Rd1 e4 31. fxe4 fxe4 32. Nxe4 Rb7 33. g4
h6 34. h4 Kg7 35. Ned6 Rb8 36. Rf1 f6 37. Ra1 Nc5 38. Ra7+ Kg8 39. Nf5 Nd5 40.
Ra5 Nc3+ 41. Kf3 Nxb3 42. Ra7 Nb5 43. Rg7+ Kh8 44. Rg6 1-0

[Event "BL 9293 Bayern-Delmenhorst"]
[Site "?"]
[Date "1992.??.??"]
[Round "?.2"]
[White "Yusupov, A."]
[Black "Pekarek, A."]
[Result "1-0"]
[WhiteElo "2640"]
[BlackElo "2445"]
[PlyCount "113"]
[EventDate "1992.??.??"]

1. d4 Nf6 2. c4 c5 3. d5 e6 4. Nc3 exd5 5. cxd5 d6 6. e4 g6 7. f4 Bg7 8. Bb5+
Nfd7 9. a4 Qh4+ 10. g3 Qe7 11. Nf3 O-O 12. O-O Na6 13. Re1 Nb4 14. Bf1 b6 15.
Ra3 Bb7 16. Bc4 a6 17. h3 Rac8 18. Be3 Rfd8 19. Bf2 Qf8 20. Ra1 h6 21. Qd2 Kh7
22. Re2 Qh8 23. Rc1 b5 24. axb5 Nb6 25. b3 Ra8 26. bxa6 Bxa6 27. Bxa6 Rxa6 28.
Nb5 Ra2 29. Qd1 Qe8 30. Nc3 Rxe2 31. Qxe2 Ra8 32. e5 dxe5 33. fxe5 N6xd5 34.
Nxd5 Nxd5 35. Rxc5 Ra1+ 36. Kg2 Ne7 37. Qe4 Qd7 38. Nd4 Ra2 39. b4 Nf5 40. Nxf5
gxf5 41. Qd5 Qxd5+ 42. Rxd5 h5 43. b5 Bh6 44. Kf3 Ra3+ 45. Ke2 Ra2+ 46. Ke1 f4
47. gxf4 Bxf4 48. b6 Rb2 49. Bd4 Rb4 50. Rd7 Bxe5 51. Bxe5 Re4+ 52. Kd2 Rxe5
53. Rb7 Rb5 54. Kc3 Kg6 55. Kc4 Rb1 56. Kc5 Kg5 57. h4+ 1-0

[Event "BL 9293 Bayern-Delmenhorst"]
[Site "?"]
[Date "1992.??.??"]
[Round "?.5"]
[White "Breutigam, M."]
[Black "Kindermann, S."]
[Result "1-0"]
[WhiteElo "2335"]
[BlackElo "2505"]
[PlyCount "159"]
[EventDate "1992.??.??"]

1. d4 Nf6 2. c4 g6 3. Nc3 Bg7 4. e4 d6 5. f4 O-O 6. Nf3 c5 7. d5 e6 8. Be2 exd5
9. cxd5 Bg4 10. O-O Nbd7 11. Re1 Re8 12. h3 Bxf3 13. Bxf3 c4 14. Be3 Qa5 15.
Kh1 Nc5 16. Bxc5 Qxc5 17. e5 dxe5 18. fxe5 Nd7 19. Ne4 Qc7 20. e6 fxe6 21. Bg4
Ne5 22. Bxe6+ Kh8 23. Rf1 Rf8 24. Qe2 Qe7 25. Rxf8+ Rxf8 26. Rf1 Rxf1+ 27. Qxf1
Nd3 28. Qf7 Qxf7 29. Bxf7 Bxb2 30. d6 Ne5 31. Bxc4 Ba3 32. Be6 Kg7 33. Kh2 Nf7
34. d7 Nd8 35. Bd5 h6 36. Kg3 Kf8 37. Nf6 Bb2 38. Ne4 b6 39. Nd2 Ke7 40. Be4 g5
41. Bf5 Nf7 42. Nc4 Bd4 43. Kg4 Kf6 44. Nd6 Nd8 45. Bd3 Be5 46. Nc8 Ke6 47. Bb5
a6 48. Bxa6 Kxd7 49. Nxb6+ Ke7 50. Kh5 Bg7 51. Nd5+ Kd6 52. Ne3 Ke5 53. Ng4+
Kf4 54. Nxh6 Bf8 55. Bc4 Nc6 56. Nf7 Be7 57. Be6 Nd8 58. Nxd8 Bxd8 59. a4 Ke5
60. Bc8 Kf6 61. Kg4 Ke5 62. Bb7 Ke6 63. Kf3 Ke5 64. Ke3 Bb6+ 65. Kd3 Ba5 66.
Kc4 Be1 67. Bf3 Bd2 68. Kb5 Kd6 69. a5 Be3 70. a6 Ba7 71. Kc4 Ke5 72. g3 Bf2
73. Kd3 Ba7 74. Bb7 Kf5 75. Ke2 Bb6 76. Kf3 Bc5 77. Bc8+ Kf6 78. Kg4 Bf2 79.
Kf3 Bb6 80. Ke4 1-0

[Event "BL 9293 Bayern-Delmenhorst"]
[Site "?"]
[Date "1992.??.??"]
[Round "?.6"]
[White "Boensch, U."]
[Black "Derikum, A."]
[Result "1/2-1/2"]
[WhiteElo "2490"]
[BlackElo "2315"]
[PlyCount "81"]
[EventDate "1992.??.??"]

1. d4 d5 2. c4 c6 3. e3 Nf6 4. Nf3 a6 5. Qc2 g6 6. Be2 Bg7 7. O-O O-O 8. b4 b5
9. cxd5 cxd5 10. a4 bxa4 11. Qxa4 Bb7 12. Nbd2 Nfd7 13. Nb3 Nb6 14. Qa2 Bc6 15.
Na5 Bb5 16. Ba3 Ra7 17. Rac1 e6 18. Rc5 Na4 19. Rcc1 Rc7 20. Bxb5 axb5 21. Qe2
Rxc1 22. Rxc1 Qd7 23. Ne5 Bxe5 24. dxe5 Nb6 25. Bb2 Nc4 26. Nxc4 bxc4 27. e4
Rc8 28. exd5 Qxd5 29. h4 h5 30. Rd1 Qb5 31. Bc3 Nc6 32. g4 hxg4 33. h5 gxh5 34.
Qe3 Ne7 35. Qg5+ Ng6 36. Qxh5 Qa4 37. Qxg4 Qc2 38. Qf3 Nh4 39. Qg4+ Ng6 40. Qf3
Nh4 41. Qg4+ 1/2-1/2

[Event "BL 9293 München 36-HSK"]
[Site "?"]
[Date "1992.??.??"]
[Round "?.2"]
[White "Hertneck, G."]
[Black "Wahls, M."]
[Result "1-0"]
[WhiteElo "2560"]
[BlackElo "2540"]
[PlyCount "67"]
[EventDate "1992.??.??"]

1. d4 Nf6 2. c4 e6 3. Nc3 Bb4 4. Qc2 c5 5. dxc5 O-O 6. Nf3 Na6 7. g3 Nxc5 8.
Bg2 Nce4 9. O-O Nxc3 10. bxc3 Be7 11. e4 d6 12. e5 dxe5 13. Nxe5 Qc7 14. Qe2
Ne8 15. Rd1 f6 16. Ng4 Nd6 17. Ba3 Re8 18. c5 Nf5 19. Rd2 Rf8 20. Qc4 Rb8 21.
Re1 Kh8 22. Rxe6 h5 23. Be4 Nd6 24. Qd5 Nxe4 25. Qxh5+ Kg8 26. Nh6+ gxh6 27.
Qg6+ Kh8 28. Qxh6+ Kg8 29. Qg6+ Kh8 30. Rd5 Ng5 31. Rxg5 fxg5 32. Qh5+ Kg8 33.
Rg6+ Kf7 34. Rc6+ 1-0

[Event "BL 9293 München 36-HSK"]
[Site "?"]
[Date "1992.??.??"]
[Round "?.3"]
[White "Ftacnik, L."]
[Black "Smejkal, J."]
[Result "1/2-1/2"]
[WhiteElo "2535"]
[BlackElo "2525"]
[PlyCount "36"]
[EventDate "1992.??.??"]

1. Nf3 Nf6 2. c4 c5 3. Nc3 g6 4. d4 cxd4 5. Nxd4 Nc6 6. e4 Bg7 7. Be3 O-O 8.
Be2 d6 9. O-O Bd7 10. Qd2 Nxd4 11. Bxd4 Bc6 12. f3 Nd7 13. Be3 a5 14. b3 Nc5
15. Rab1 Qb6 16. Rfc1 Rfc8 17. Rc2 Qd8 18. Nd1 Qf8 1/2-1/2

[Event "BL 9293 München 36-HSK"]
[Site "?"]
[Date "1992.??.??"]
[Round "?.4"]
[White "Lau, R."]
[Black "Brunner, L."]
[Result "1/2-1/2"]
[WhiteElo "2520"]
[BlackElo "2490"]
[PlyCount "39"]
[EventDate "1992.??.??"]

1. e4 c5 2. Nf3 d6 3. d4 cxd4 4. Nxd4 Nf6 5. Nc3 a6 6. a4 g6 7. Be2 Bg7 8. O-O
Nc6 9. Be3 O-O 10. Kh1 d5 11. Nxd5 Nxd5 12. exd5 Nxd4 13. Bxd4 Qxd5 14. Bxg7
Qxd1 15. Rfxd1 Kxg7 16. c3 a5 17. f4 Be6 18. Rd4 Rac8 19. Rad1 Rc5 20. R1d2
1/2-1/2

[Event "BL 9293 München 36-HSK"]
[Site "?"]
[Date "1992.??.??"]
[Round "?.5"]
[White "Mueller, Ka"]
[Black "Gruenberg, HU."]
[Result "1-0"]
[WhiteElo "2490"]
[BlackElo "2495"]
[PlyCount "65"]
[EventDate "1992.??.??"]

1. e4 c5 2. Nf3 e6 3. d4 cxd4 4. Nxd4 a6 5. Bd3 Nf6 6. O-O d6 7. f4 Nbd7 8. Kh1
Qc7 9. Qe2 Be7 10. c4 O-O 11. b3 b6 12. Bb2 Bb7 13. Nc3 g6 14. Rae1 e5 15. Nf3
exf4 16. Nd5 Nxd5 17. exd5 Bf6 18. Bxf6 Nxf6 19. Qd2 Nh5 20. Nd4 Rae8 21. Rxe8
Rxe8 22. Be2 Ng7 23. Qxf4 f5 24. Bf3 Qc5 25. h4 b5 26. cxb5 axb5 27. Rc1 Qb6
28. Kh2 b4 29. Rc4 Ba8 30. h5 Qd8 31. h6 Nh5 32. Bxh5 Re4 33. Ne6 1-0

[Event "BL 9293 München 36-HSK"]
[Site "?"]
[Date "1992.??.??"]
[Round "?.6"]
[White "Enders, P."]
[Black "Michaelsen, N."]
[Result "1-0"]
[WhiteElo "2490"]
[BlackElo "2405"]
[PlyCount "85"]
[EventDate "1992.??.??"]

1. e4 e5 2. Nf3 Nf6 3. d4 Nxe4 4. Bd3 d5 5. Nxe5 Nd7 6. Nxd7 Bxd7 7. O-O Qh4 8.
c4 O-O-O 9. c5 g6 10. Na3 Bg7 11. Nc2 Rhe8 12. a4 Re6 13. Be3 g5 14. f3 Rh6 15.
fxe4 dxe4 16. Bb5 Qxh2+ 17. Kf2 Qh4+ 18. g3 Rf6+ 19. Ke1 Qxg3+ 20. Kd2 Bg4 21.
Qe1 Qe5 22. Kc1 Qd5 23. Rxf6 Bxf6 24. c6 Be7 25. cxb7+ Kb8 26. Nb4 Bxb4 27.
Qxb4 h6 28. Bc4 Qd6 29. Qxd6 Rxd6 30. Bxf7 c5 31. dxc5 Rd1+ 32. Kc2 Rxa1 33. c6
Bd1+ 34. Kc3 Bxa4 35. Bd5 Rd1 36. c7+ Kxc7 37. Bxa7 Rd3+ 38. Kb4 Rb3+ 39. Bxb3
Kxb7 40. Bxa4 Kxa7 41. Bc6 e3 42. Bf3 Kb6 43. Kc4 1-0

[Event "BL 9293 München 36-HSK"]
[Site "?"]
[Date "1992.??.??"]
[Round "?.7"]
[White "Heinemann, T."]
[Black "Volke, K."]
[Result "1/2-1/2"]
[WhiteElo "2385"]
[BlackElo "2460"]
[PlyCount "70"]
[EventDate "1992.??.??"]

1. e4 c5 2. Nf3 e6 3. Nc3 d6 4. d4 cxd4 5. Nxd4 Nf6 6. g3 Be7 7. Bg2 O-O 8. O-O
a6 9. a4 Nc6 10. Re1 Qc7 11. h3 Rd8 12. b3 Nb4 13. Bb2 b6 14. Nce2 Bb7 15. c3
Nc6 16. Nxc6 Bxc6 17. Nd4 Bb7 18. c4 Rac8 19. Qe2 Nd7 20. a5 Bf6 21. Red1 Nc5
22. axb6 Qxb6 23. Rdb1 Ba8 24. Nc2 Bxb2 25. Rxb2 Qb7 26. f3 d5 27. cxd5 exd5
28. exd5 Qxd5 29. Ne3 Qe6 30. Nf1 Qxe2 31. Rxe2 Rb8 32. Rc2 Nxb3 33. Rxa6 Nd4
34. Rf2 g6 35. f4 Bxg2 1/2-1/2